कथा कामजीवनाची (क. क्र 14/4 ) (Record no. 441233)

MARC details
000 -LEADER
fixed length control field 00530nam a2200145Ia 4500
008 - FIXED-LENGTH DATA ELEMENTS--GENERAL INFORMATION
fixed length control field 100122s9999 xx 000 0 und d
082 ## - DEWEY DECIMAL CLASSIFICATION NUMBER
Item number 70223
Classification number 301.418
100 ## - MAIN ENTRY--PERSONAL NAME
Personal name भोसले राजन
245 ## - TITLE STATEMENT
Title कथा कामजीवनाची (क. क्र 14/4 )
260 ## - PUBLICATION, DISTRIBUTION, ETC. (IMPRINT)
Name of publisher, distributor, etc दृष्टी प्रकाशन
Date of publication, distribution, etc 2000
300 ## - PHYSICAL DESCRIPTION
Extent 156
630 ## - SUBJECT ADDED ENTRY--UNIFORM TITLE
Uniform title कथा कामजीवनाची (क. क्र 14/4 )
730 ## - ADDED ENTRY--UNIFORM TITLE
Uniform title कथा कामजीवनाची (क. क्र 14/4 )
942 ## - ADDED ENTRY ELEMENTS (KOHA)
Koha item type Book
Holdings
Withdrawn status Lost status Damaged status Not for loan Home library Current library Date acquired Cost, normal purchase price Total Checkouts Full call number Barcode Date last seen Cost, replacement price Price effective from Koha item type Public note
        S.V. Pathak Library, Vile Parle S.V. Pathak Library, Vile Parle 09/01/2006 100.00   70223 SVPPARLE-70223 01/25/2010 100.00 01/25/2010 Book Edited NA